[Event "2.BLO 0607 SC Forchheim - Nickelhütte A"]
[Site "?"]
[Date "2006.10.29"]
[Round "2.2"]
[White "Zwanzger, Johannes"]
[Black "Gaponenko, Inna"]
[Result "1-0"]
[WhiteElo "2340"]
[BlackElo "2448"]
[PlyCount "73"]
[EventDate "2006.??.??"]

1. e4 c5 2. Nf3 d6 3. d4 cxd4 4. Nxd4 Nf6 5. Nc3 g6 6. Be3 Bg7 7. f3 O-O 8. Qd2
Nc6 9. g4 Be6 10. Nxe6 fxe6 11. O-O-O Ne5 12. Be2 Rc8 13. Nb5 Nc4 14. Bxc4 Rxc4
15. Nd4 Qc7 16. Kb1 Rc8 17. c3 b5 18. h4 a5 19. Rc1 e5 20. Ne2 Qb7 21. h5 b4
22. hxg6 hxg6 23. cxb4 axb4 24. b3 Rxc1+ 25. Rxc1 Rxc1+ 26. Nxc1 Bf8 27. g5 Ne8
28. Nd3 Qa6 29. Qc2 e6 30. Qc4 Qxc4 31. bxc4 Nc7 32. Kc2 d5 33. Nxe5 dxe4 34.
fxe4 Kh7 35. Kb3 Na6 36. Nd3 Kg7 37. c5 1-0

[Event "2.BLO 0607 SC Forchheim - Nickelhütte A"]
[Site "?"]
[Date "2006.10.29"]
[Round "2.3"]
[White "Vasilevich, Tatjana"]
[Black "Niedermaier, Hans"]
[Result "1-0"]
[WhiteElo "2396"]
[BlackElo "2282"]
[PlyCount "43"]
[EventDate "2006.??.??"]

1. d4 Nf6 2. c4 c6 3. Nf3 g6 4. Nc3 Bg7 5. Bf4 O-O 6. h3 d5 7. e3 Ne4 8. Qb3
Nxc3 9. bxc3 Qa5 10. Bd3 Nd7 11. cxd5 cxd5 12. O-O Nf6 13. c4 b6 14. Ne5 dxc4
15. Bxc4 e6 16. Bb5 a6 17. Bc6 Ra7 18. Nc4 Qf5 19. Qxb6 Bd7 20. Nd6 Qd3 21.
Rfd1 Qa3 22. Nc4 1-0

[Event "2.BLO 0607 SC Forchheim - Nickelhütte A"]
[Site "?"]
[Date "2006.10.29"]
[Round "2.4"]
[White "Lang, Stefan"]
[Black "Priehoda, Viteslav"]
[Result "0-1"]
[WhiteElo "2286"]
[BlackElo "2387"]
[PlyCount "116"]
[EventDate "2006.??.??"]

1. e4 c5 2. Nf3 Nc6 3. d4 cxd4 4. Nxd4 Nf6 5. Nc3 e6 6. a3 a6 7. Be2 Be7 8. g4
d5 9. exd5 Nxd5 10. Nxd5 Qxd5 11. Bf3 Qe5+ 12. Be3 Bd7 13. Nxc6 Bxc6 14. Bxc6+
bxc6 15. Qd4 Qa5+ 16. b4 Qd5 17. O-O-O O-O 18. c4 Qf3 19. Qf4 Qxf4 20. Bxf4 a5
21. Rd7 Rfe8 22. b5 cxb5 23. cxb5 Bxa3+ 24. Kc2 Bc5 25. Bc7 Rec8 26. Kb3 a4+
27. Ka2 Ra7 28. Rd8+ Rxd8 29. Bxd8 Rb7 30. Rb1 Kf8 31. f3 f6 32. Ba5 Ke7 33. h4
Kd6 34. Rd1+ Ke7 35. b6 e5 36. Rd5 Bd6 37. h5 Kd7 38. h6 gxh6 39. Rd1 Kc6 40.
Rc1+ Kb5 41. Bd2 Rxb6 42. Bxh6 Rc6 43. Rb1+ Bb4 44. Bf8 Rc2+ 45. Ka1 Rc4 46.
Be7 Rf4 47. Ka2 Ka5 48. Bd8+ Kb5 49. Be7 a3 50. Rb3 Ka5 51. Bxb4+ Rxb4 52. Kxa3
Rxb3+ 53. Kxb3 Kb5 54. Kc3 Kc5 55. Kd3 Kd5 56. Ke3 Ke6 57. Ke4 h6 58. f4 Kd6
0-1

[Event "2.BLO 0607 SC Forchheim - Nickelhütte A"]
[Site "?"]
[Date "2006.10.29"]
[Round "2.5"]
[White "Wichmann, Cliff"]
[Black "Cohrs, Jan Christopher Dr"]
[Result "1/2-1/2"]
[WhiteElo "2391"]
[BlackElo "2217"]
[PlyCount "143"]
[EventDate "2006.??.??"]

1. d4 Nf6 2. c4 e6 3. Nf3 Bb4+ 4. Bd2 Qe7 5. g3 Nc6 6. Bg2 Bxd2+ 7. Qxd2 Ne4 8.
Qc2 Qb4+ 9. Nc3 Nxc3 10. Qxc3 Qxc3+ 11. bxc3 d6 12. Nd2 Bd7 13. Nb3 Rb8 14. c5
b6 15. cxd6 cxd6 16. O-O Ke7 17. c4 Rhc8 18. Rfc1 Nd8 19. e3 Ba4 20. Rc3 Rc7
21. Nd2 Bc6 22. Bf1 Rbc8 23. Rac1 Nb7 24. Ra3 Na5 25. Nb3 Nxb3 26. axb3 a5 27.
Bd3 Bf3 28. Kf1 h5 29. Ke1 h4 30. Kd2 d5 31. Rg1 g6 32. gxh4 Rh8 33. Rg3 dxc4
34. bxc4 Bc6 35. Rg4 Rh5 36. Rf4 Rc8 37. Be2 Rhh8 38. c5 a4 39. cxb6 Rb8 40. d5
Bxd5 41. Raxa4 Rxb6 42. Ra7+ Rb7 43. Rxb7+ Bxb7 44. Ra4 Bc6 45. Rc4 Bd5 46. Rd4
Bc6 47. Ke1 Ra8 48. h5 gxh5 49. h4 e5 50. Rc4 Ra1+ 51. Kd2 Bb5 52. Rc2 Bxe2 53.
Kxe2 Ra4 54. Rc7+ Ke6 55. Rc6+ Kf5 56. f3 Rxh4 57. e4+ Kg5 58. Ke3 Rh2 59. Rc5
Kf6 60. Ra5 h4 61. f4 Rh3+ 62. Kf2 exf4 63. Rf5+ Kg6 64. Rxf4 f6 65. Kg2 Re3
66. Rxh4 Kg5 67. Kf2 Ra3 68. Rh8 Kf4 69. Rh4+ Ke5 70. Ke2 Ra4 71. Rh5+ Kf4 72.
Rf5+ 1/2-1/2

[Event "2.BLO 0607 SC Forchheim - Nickelhütte A"]
[Site "?"]
[Date "2006.10.29"]
[Round "2.6"]
[White "Doeres, Hans-Juergen"]
[Black "Diebl, Lutz"]
[Result "1/2-1/2"]
[WhiteElo "2241"]
[BlackElo "2238"]
[PlyCount "30"]
[EventDate "2006.??.??"]

1. c4 Nc6 2. g3 e5 3. Bg2 f5 4. Nc3 Nf6 5. d3 Be7 6. e4 d6 7. Nge2 O-O 8. O-O
Qe8 9. Nd5 Nxd5 10. cxd5 Nd8 11. f4 Bf6 12. Nc3 a6 13. Be3 exf4 14. Bxf4 g5 15.
Bc1 Qg6 1/2-1/2

[Event "2.BLO 0607 SC Forchheim - Nickelhütte A"]
[Site "?"]
[Date "2006.10.29"]
[Round "2.7"]
[White "Melamed, Tatiana"]
[Black "Cifka, Stanislav"]
[Result "0-1"]
[WhiteElo "2356"]
[BlackElo "2341"]
[PlyCount "84"]
[EventDate "2006.??.??"]

1. e4 e6 2. d4 d5 3. Nd2 c5 4. exd5 Qxd5 5. Ngf3 cxd4 6. Bc4 Qd6 7. O-O Nf6 8.
Nb3 Nc6 9. Nbxd4 Nxd4 10. Qxd4 Qxd4 11. Nxd4 Bd7 12. Bf4 Rc8 13. Bb3 Be7 14.
Rfe1 O-O 15. Nf5 Bb4 16. c3 exf5 17. cxb4 Rfe8 18. Rxe8+ Rxe8 19. Be3 a6 20.
Rc1 Be6 21. Bxe6 fxe6 22. Rc7 Rd8 23. Kf1 Rd7 24. Rc5 Kf7 25. Ke2 Nd5 26. b5 f4
27. Bd2 b6 28. Rc4 axb5 29. Re4 g5 30. h4 h6 31. hxg5 hxg5 32. g3 fxg3 33. fxg3
Kf6 34. Rg4 Rg7 35. Kf3 Kf5 36. Rd4 g4+ 37. Kf2 Rc7 38. a3 Rc2 39. b3 Ra2 40.
Rd3 Ke4 41. Ke2 b4 42. axb4 b5 0-1

[Event "2.BLO 0607 SC Forchheim - Nickelhütte A"]
[Site "?"]
[Date "2006.10.29"]
[Round "2.8"]
[White "Weigel, Rober Prof.Dr"]
[Black "Floeter, Frank"]
[Result "1/2-1/2"]
[WhiteElo "2233"]
[BlackElo "2191"]
[PlyCount "48"]
[EventDate "2006.??.??"]

1. Nf3 g6 2. c4 Bg7 3. Nc3 c5 4. g3 Nc6 5. Bg2 e5 6. d3 d6 7. Bd2 Nge7 8. a3 a5
9. Rb1 Rb8 10. O-O O-O 11. Ne1 Be6 12. Nc2 d5 13. cxd5 Nxd5 14. Ne4 b6 15. Ng5
Bc8 16. Ne3 Nxe3 17. fxe3 Qxg5 18. Bxc6 Be6 19. Qc2 Rfc8 20. Bb5 Qg4 21. Bc3 h5
22. Kh1 h4 23. gxh4 Qxh4 24. b3 Kh7 1/2-1/2

[Event "2.BLO 0607 SC Bamberg - SK Passau"]
[Site "?"]
[Date "2006.10.29"]
[Round "2.1"]
[White "Velicka, Petr"]
[Black "Kalod, Radek"]
[Result "1-0"]
[WhiteElo "2493"]
[BlackElo "2484"]
[PlyCount "103"]
[EventDate "2006.??.??"]

1. Nf3 Nf6 2. c4 g6 3. Nc3 Bg7 4. e4 d6 5. d4 O-O 6. Be2 e5 7. dxe5 dxe5 8.
Qxd8 Rxd8 9. Bg5 c6 10. Nxe5 Re8 11. Rd1 Na6 12. Nf3 h6 13. Be3 Nxe4 14. Nxe4
Rxe4 15. Rd8+ Kh7 16. h4 Bf6 17. Ng5+ Kg7 18. Rxc8 Rxh4 19. Rxh4 Rxc8 20. Nf3
Bxh4 21. Nxh4 c5 22. a3 b6 23. Bd2 Nc7 24. Bc3+ Kg8 25. Nf3 Ne6 26. g3 Rd8 27.
Bf1 f6 28. Bg2 Kf7 29. Nd2 Ke7 30. Nf1 h5 31. Ne3 Nc7 32. Be4 Kf7 33. Ke2 a5
34. Kf3 Rd6 35. Kg2 Rd8 36. f4 Re8 37. Kf3 Rd8 38. Kf2 Re8 39. Bf3 Rh8 40. Bd5+
Ke7 41. Be4 Kf7 42. Ng2 Re8 43. Bf3 Rb8 44. Nh4 Ne8 45. f5 g5 46. Bd5+ Kg7 47.
Nf3 Kh6 48. Nd2 Nd6 49. Be6 Kg7 50. Kg2 h4 51. Nf1 hxg3 52. Nxg3 1-0

[Event "2.BLO 0607 SC Bamberg - SK Passau"]
[Site "?"]
[Date "2006.10.29"]
[Round "2.2"]
[White "Jirka, Jiri"]
[Black "Rasik, Vitezslav"]
[Result "1/2-1/2"]
[WhiteElo "2345"]
[BlackElo "2469"]
[PlyCount "124"]
[EventDate "2006.??.??"]

1. d4 Nf6 2. c4 g6 3. g3 Bg7 4. Bg2 O-O 5. Nc3 d6 6. Nf3 Nc6 7. d5 Na5 8. b3 c6
9. Bb2 cxd5 10. cxd5 Bd7 11. O-O b5 12. a3 Qb6 13. Na2 Ne4 14. Bxg7 Kxg7 15.
Nd4 Nf6 16. Nb4 Rac8 17. Qd3 Rc7 18. Rac1 Rfc8 19. Rxc7 Rxc7 20. Rd1 e5 21.
dxe6 fxe6 22. Bh3 d5 23. Qe3 Ne4 24. Qf4 Rc3 {(=)} 25. Qe5+ Kh6 26. Nxd5 exd5
27. Bxd7 Qf6 28. Qxf6 Nxf6 29. Bxb5 Nxb3 30. Nxb3 Rxb3 31. a4 Ra3 32. f3 Kg5
33. Bc6 Kf5 34. Kf2 Ke5 35. Rc1 g5 36. Bb5 g4 37. f4+ Kd4 38. Rd1+ Kc5 39. Rc1+
Kb4 40. Rd1 Ne4+ 41. Kg2 Nc3 42. Rd2 Kc5 43. Bd7 d4 44. Bxg4 Rxa4 45. Bf5 h6
46. g4 Nd5 47. Kf3 Ra1 48. Ke4 Rf1 49. Ke5 Nxf4 50. Rc2+ Kb4 51. Kxd4 a5 52. e4
a4 53. Rb2+ Ka3 54. Rb7 Ka2 55. e5 Re1 56. Bh7 a3 57. Bg8+ Ka1 58. Ra7 Kb2 59.
Rb7+ Ka1 60. Rb3 a2 61. Ra3 Ne2+ 62. Kc5 Nc1 1/2-1/2

[Event "2.BLO 0607 SC Bamberg - SK Passau"]
[Site "?"]
[Date "2006.10.29"]
[Round "2.3"]
[White "Weiss, Christian"]
[Black "Meister, Peter"]
[Result "1/2-1/2"]
[WhiteElo "2469"]
[BlackElo "2370"]
[PlyCount "48"]
[EventDate "2006.??.??"]

1. d4 d5 2. Nf3 Nf6 3. g3 c6 4. Bg2 Bg4 5. h3 Bh5 6. O-O e6 7. c4 Nbd7 8. Nbd2
Be7 9. Re1 O-O 10. g4 Bg6 11. Nh4 Be4 12. Nxe4 Nxe4 13. Bxe4 dxe4 14. Ng2 Bd6
15. Qb3 Qc7 16. c5 Bh2+ 17. Kh1 Rae8 18. f4 exf3 19. exf3 Bg3 20. Rf1 e5 21. f4
exf4 22. Nxf4 Re1 23. Rxe1 Bxe1 24. Be3 Bf2 {(=)} 1/2-1/2

[Event "2.BLO 0607 SC Bamberg - SK Passau"]
[Site "?"]
[Date "2006.10.29"]
[Round "2.4"]
[White "Stehno, Pavel"]
[Black "Pichler, Juergen"]
[Result "1/2-1/2"]
[WhiteElo "2273"]
[BlackElo "2393"]
[PlyCount "38"]
[EventDate "2006.??.??"]

1. e4 e6 2. d4 d5 3. e5 c5 4. c3 Nc6 5. Nf3 Nh6 6. Na3 cxd4 7. cxd4 Bb4+ 8. Bd2
Qa5 9. Nc2 Bxd2+ 10. Qxd2 Qxd2+ 11. Nxd2 Nf5 12. Nb3 f6 13. f4 Bd7 14. Bd3 Nce7
15. O-O h5 16. Rae1 b6 17. Ne3 Nxe3 18. Rxe3 f5 19. Ba6 Bc8 1/2-1/2

[Event "2.BLO 0607 SC Bamberg - SK Passau"]
[Site "?"]
[Date "2006.10.29"]
[Round "2.5"]
[White "Hellmayr, Alois"]
[Black "Smistik, Milan"]
[Result "0-1"]
[WhiteElo "2317"]
[BlackElo "2401"]
[PlyCount "72"]
[EventDate "2006.??.??"]

1. Nf3 c5 2. c4 Nc6 3. g3 Nf6 4. Bg2 d5 5. cxd5 Nxd5 6. O-O e5 7. b3 e4 8. Ne1
Qf6 9. Nc3 Nxc3 10. dxc3 Qxc3 11. Bf4 Bf5 12. Rc1 Qf6 13. Nc2 Rd8 14. Qe1 Be7
15. Ne3 O-O 16. Nxf5 Qxf5 17. Qc3 Rfe8 18. h4 b6 19. Qe3 Bf6 20. Rc4 Bd4 21.
Qc1 Nb4 22. e3 Nd3 23. Qa3 Nxf4 24. gxf4 Re6 25. exd4 Rg6 26. Rc3 Qxf4 27. h5
Rg5 28. Rh3 cxd4 29. Qe7 Rf8 30. Re1 f5 31. Qe6+ Kh8 32. Qe7 Kg8 33. Qxa7 Qd2
34. Rf1 e3 35. h6 e2 36. hxg7 Rxg7 0-1

[Event "2.BLO 0607 SC Bamberg - SK Passau"]
[Site "?"]
[Date "2006.10.29"]
[Round "2.6"]
[White "Haag, Wolfgang"]
[Black "Schueller, Ernst"]
[Result "0-1"]
[WhiteElo "2264"]
[BlackElo "2250"]
[PlyCount "152"]
[EventDate "2006.??.??"]

1. d4 Nf6 2. c4 c5 3. Nf3 cxd4 4. Nxd4 g6 5. Nc3 Bg7 6. e4 O-O 7. Be2 Nc6 8.
Be3 d6 9. O-O Nxd4 10. Bxd4 Bd7 11. f4 Bc6 12. Bf3 Nd7 13. Bxg7 Kxg7 14. Qd4+
f6 15. Nd5 Bxd5 16. exd5 Qb6 17. Qxb6 Nxb6 18. b3 a5 19. Rfe1 Kf7 20. a4 Nd7
21. Re3 Nc5 22. Rae1 Rfe8 23. Kf1 Ra6 24. Bd1 e5 25. dxe6+ Rxe6 26. Bf3 Rxe3
27. Rxe3 Rb6 28. Bd1 f5 29. Ke1 h5 30. Kd2 Ne4+ 31. Kd3 Kf6 32. Kd4 h4 33. Bc2
Nc5 34. Kd5 Na6 35. Bd1 Nc7+ 36. Kd4 Ne6+ 37. Kc3 Nxf4 38. g3 hxg3 39. hxg3 Ne6
40. Rd3 Nc5 41. Re3 Kf7 42. Kd4 Ne6+ 43. Kd5 Nc7+ 44. Kd4 g5 45. Bc2 Kf6 46.
Re1 f4 47. gxf4 gxf4 48. Rh1 Na6 49. Ke4 Nc5+ 50. Kxf4 Rb4 51. Rh6+ Ke7 52.
Rh7+ Kd8 53. Kf5 Kc8 54. Rh3 Kc7 55. Rc3 Rb6 56. Kf4 Ra6 57. Rh3 Ra8 58. Ke3 {
(=)} 58... Re8+ 59. Kd2 Rg8 60. Kc3 Rg2 61. Re3 Rg7 62. Rh3 Kc6 63. Re3 Na6 64.
Rh3 Re7 65. Kd4 Re6 66. Rh7 Nc5 67. Rh3 Re2 68. Kc3 Rf2 69. Re3 Rf4 70. Bd3 Kd7
71. Bc2 Ne6 72. Be4 Nc5 73. Bc2 Kc7 74. Rh3 Kc6 75. Re3 d5 76. cxd5+ Kxd5 {(ZU)
} 0-1

[Event "2.BLO 0607 SC Bamberg - SK Passau"]
[Site "?"]
[Date "2006.10.29"]
[Round "2.7"]
[White "Lautner, Josef"]
[Black "Huemmer, Bernd"]
[Result "0-1"]
[WhiteElo "2237"]
[BlackElo "2213"]
[PlyCount "106"]
[EventDate "2006.??.??"]

1. d4 d6 2. e4 e5 3. dxe5 dxe5 4. Qxd8+ Kxd8 5. Bc4 f6 6. Nc3 c6 7. f4 Bd6 8.
fxe5 Bxe5 9. Nf3 Nd7 10. O-O Ne7 11. Be6 Ng6 {(=)} 12. Ne2 Ke7 13. Bf5 Bc7 14.
Bd2 Nde5 15. Rae1 Re8 16. b3 Kf7 17. Ned4 Kg8 18. h3 Bd7 19. a4 Rad8 20. Re2
Nxf3+ 21. Rxf3 Bb6 22. c3 Nh4 23. Rfe3 Bxf5 24. exf5 Bxd4 25. cxd4 Rxe3 26.
Bxe3 Nxf5 27. d5 Nxe3 28. Rxe3 cxd5 29. Re7 d4 30. Kf2 Rb8 31. Ke2 a5 32. Kd3
b5 33. Ra7 bxa4 34. bxa4 Rb3+ 35. Kc2 Rg3 36. Rxa5 Rxg2+ 37. Kd3 Rg3+ 38. Kxd4
Rxh3 39. Ra7 h5 40. Ke4 Ra3 41. Kf5 Kh7 42. Ke6 h4 43. Kf7 h3 44. Ra5 Kh6 45.
Ra8 f5 46. Rh8+ Kg5 47. Kxg7 Kg4 48. Kf6 Rxa4 49. Ke5 Re4+ 50. Kf6 Kg3 51. Kxf5
Rh4 52. Rg8+ Kf3 53. Ra8 h2 0-1

[Event "2.BLO 0607 SC Bamberg - SK Passau"]
[Site "?"]
[Date "2006.10.29"]
[Round "2.8"]
[White "Strube, Frank"]
[Black "Linhart, Wolfgang"]
[Result "1/2-1/2"]
[WhiteElo "2197"]
[BlackElo "2223"]
[PlyCount "55"]
[EventDate "2006.??.??"]

1. c4 Nf6 2. Nc3 e5 3. g3 c6 4. Nf3 e4 5. Nd4 d5 6. cxd5 Qb6 7. Nb3 cxd5 8. Bg2
Bb4 9. O-O O-O 10. d3 Bxc3 11. bxc3 Bf5 12. Be3 Qc7 13. dxe4 dxe4 14. Bf4 Qc8
15. Nd4 Bh3 16. Qa4 Bxg2 17. Kxg2 Nd5 18. Bxb8 Rxb8 19. Rac1 Qg4 20. e3 b5 21.
Qb3 Nf6 22. Qd1 Rfc8 23. Qxg4 Nxg4 24. Nf5 Rc5 25. Nd6 f5 26. h3 Nf6 27. c4
bxc4 28. Rxc4 1/2-1/2